Soviet and Russian leaders by picture - Statistics

General Stats
  • This quiz has been taken 123 times
  • The average score is 9 of 12
Answer Stats
Picture Answer % Correct
Joseph Stalin
100%
Vladimir Lenin
99%
Vladimir Putin
95%
Mikhail Gorbachev
89%
Nicholas II
83%
Boris Yeltsin
80%
Leonid Brezhnev
79%
Nikita Khrushchev
78%
Dmitry Medvedev
55%
Yuri Andropov
53%
Konstantin Chernenko
41%
Georgy Malenkov
34%
No matching quizzes found
Score Distribution
Percent of People with Each Score
Percentile by Number Answered
Your Score History
You have not taken this quiz